Хрестоматия по истории России: учебное пособие; Повесть временных лет, начало XII в.; Русская правда в Краткой редакции; Слово о полку Игореве; Слово о погибели Русской земли; Нашествие Батыя на Русь; Повесть о разорении Рязани Батыем; Житие Александра Невского; Житие Сергея Радонежского; Задонщина; Повесть о стоянии на Угре; Судебник 1550 г.; Соборное уложение 1649 г.
| Collectivité auteur: | |
|---|---|
| Autres auteurs: | , , , |
| Résumé: | В хрестоматии опубликованы документы по истории России с древнейших времен до наших дней. Наряду с известными материалами по ключевым проблемам отечественной истории в ней представлены источники, ранее не включавшиеся в документальные учебные пособия. Для студентов, учащихся старших классов средней школы, абитуриентов, всех интересующихся отечественной историей. |
| Langue: | russe |
| Publié: |
Москва, Проспект, 2009
|
| TOC: | Повесть временных лет, начало XII в.; Русская правда в Краткой редакции; Слово о полку Игореве; Слово о погибели Русской земли; Нашествие Батыя на Русь; Повесть о разорении Рязани Батыем; Житие Александра Невского; Житие Сергея Радонежского; Задонщина; Повесть о стоянии на Угре; Судебник 1550 г.; Соборное уложение 1649 г.; |
| Sujets: | |
| Format: | Livre |
| KOHA link: | https://koha.lib.tpu.ru/cgi-bin/koha/opac-detail.pl?biblionumber=187955 |
MARC
| LEADER | 00000nam0a2200000 4500 | ||
|---|---|---|---|
| 001 | 187955 | ||
| 005 | 20241128150110.0 | ||
| 010 | |a 9785392004935 | ||
| 035 | |a (RuTPU)RU\TPU\book\203972 | ||
| 090 | |a 187955 | ||
| 100 | |a 20101125d2009 em y0rusy50 ca | ||
| 101 | 0 | |a rus | |
| 102 | |a RU | ||
| 105 | |a y j 001zd | ||
| 200 | 1 | |a Хрестоматия по истории России |e учебное пособие |f А. С. Орлов [и др.] |g Московский государственный университет им. М. В. Ломоносова, Исторический факультет | |
| 210 | |a Москва |c Проспект |d 2009 | ||
| 215 | |a 589 с. | ||
| 320 | |a Библиография в конце статей | ||
| 330 | |a В хрестоматии опубликованы документы по истории России с древнейших времен до наших дней. Наряду с известными материалами по ключевым проблемам отечественной истории в ней представлены источники, ранее не включавшиеся в документальные учебные пособия. Для студентов, учащихся старших классов средней школы, абитуриентов, всех интересующихся отечественной историей. | ||
| 464 | |t Повесть временных лет, начало XII в. | ||
| 464 | |t Русская правда в Краткой редакции | ||
| 464 | |t Слово о полку Игореве | ||
| 464 | |t Слово о погибели Русской земли | ||
| 464 | |t Нашествие Батыя на Русь | ||
| 464 | |t Повесть о разорении Рязани Батыем | ||
| 464 | |t Житие Александра Невского | ||
| 464 | |t Житие Сергея Радонежского | ||
| 464 | |t Задонщина | ||
| 464 | |t Повесть о стоянии на Угре | ||
| 464 | |t Судебник 1550 г. | ||
| 464 | |t Соборное уложение 1649 г. | ||
| 600 | 0 | |a Сергий Радонежский |c основатель и игумен Троице-Сергиева монастыря |f около 1321-1391 |2 stltpush |3 (RuTPU)RU\TPU\pers\5916 |9 1143 | |
| 600 | 0 | |a Александр Ярославич Невский |c Великий князь Владимирский и Киевский из династии Рюриковичей |c князь Новгородский |f 1219-1263 |2 stltpush |3 (RuTPU)RU\TPU\pers\5915 |9 1142 | |
| 606 | |a Россия |x История |2 stltpush |3 (RuTPU)RU\TPU\subj\64777 |9 81526 | ||
| 610 | 1 | |a Советская Россия | |
| 610 | 1 | |a советское общество | |
| 610 | 1 | |a Великая Отечественная война 1941-1945 | |
| 610 | 1 | |a СССР | |
| 610 | 1 | |a перестройка | |
| 610 | 1 | |a история России | |
| 610 | 1 | |a хрестоматии | |
| 610 | 1 | |a учебные пособия | |
| 610 | 1 | |a восточные славяне | |
| 610 | 1 | |a Древнерусское государство | |
| 610 | 1 | |a Киевская Русь | |
| 610 | 1 | |a русские княжества | |
| 610 | 1 | |a татаро-монгольское нашествие | |
| 610 | 1 | |a крестоносцы | |
| 610 | 1 | |a Российское государство | |
| 610 | 1 | |a Смутное время | |
| 610 | 1 | |a Бунтарский век | |
| 610 | 1 | |a петровские реформы | |
| 610 | 1 | |a дворцовые перевороты | |
| 610 | 1 | |a просвещенный абсолютизм | |
| 610 | 1 | |a внутренняя политика | |
| 610 | 1 | |a идейная борьба | |
| 610 | 1 | |a Российская империя | |
| 610 | 1 | |a Февральская революция | |
| 610 | 1 | |a Октябрьская революция | |
| 686 | |a Т3(2)я7-3 |2 rubbk | ||
| 701 | 1 | |a Орлов |b А. С. |g Александр Сергеевич | |
| 701 | 1 | |a Георгиев |b В. А. |g Владимир Анатольевич | |
| 701 | 1 | |a Георгиева |b Н. Г. |g Наталья Георгиевна | |
| 701 | 1 | |a Сивохина |b Т. А. |g Татьяна Александровна | |
| 712 | 0 | 2 | |a Московский государственный университет им. М. В. Ломоносова |b Исторический факультет |3 (RuTPU)RU\TPU\col\7 |
| 801 | 1 | |a RU |b 63413507 |c 20041119 |g PSBO | |
| 801 | 2 | |a RU |b 63413507 |c 20120705 |g PSBO | |
| 942 | |c BK | ||